| 000 | 00512nam a2200169 i 4500 | ||
|---|---|---|---|
| 001 | 30126 | ||
| 003 | ES-MaACL | ||
| 005 | 20230906154137.0 | ||
| 007 | t| | ||
| 008 | 030123s1972 sp ||||1| spa d | ||
| 100 | 1 |
_aBarry, R. G. _926089 |
|
| 245 | 1 | 0 |
_aAtmósfera, tiempo y clima / _cR. G. Barry ; [traducido del inglés por Ana María Guilló]. |
| 260 |
_aBarcelona : _bOmega, _c[1972] |
||
| 300 |
_a395 p., 9 lám. ; _c22 cm. |
||
| 700 | 1 |
_aGuilló, Ana María. _960815 |
|
| 852 |
_aES-MaACL _jA-5925 _bR.94840 |
||
| 999 |
_c30126 _d30126 |
||